000 00317nam a2200121 a 4500
005 20140414131858.0
008 100914s19uu xx 00 eng d
050 _aFIL
_bH83 2005
100 _aSantos, Marivic
245 _aHow the rose came to be.
260 _aManila, Philippines :
_bJo-Es,
_c2005.
999 _c110527
_d110527